[Event "Alcorcon Diagonal op 1st"]
[Site "Alcorcon"]
[Date "2022.01.29"]
[Round "3"]
[White "Morales Clares, Aaron"]
[Black "Rios Gil, Sergio"]
[Result "0-1"]
[WhiteElo "1085"]
[BlackElo "1461"]
[PlyCount "100"]
[EventDate "2022.01.15"]
[EventType "swiss"]
[EventRounds "7"]
[EventCountry "ESP"]
[SourceTitle "EXT 2023"]
[Source "ChessBase"]
[SourceDate "2022.10.05"]
[SourceVersion "1"]
[SourceVersionDate "2022.10.05"]
[SourceQuality "1"]

1. e4 c5 2. c3 Nf6 3. e5 Nd5 4. d4 d6 5. Nf3 cxd4 6. cxd4 Nc6 7. Bc4 Nb6 8. Bb3 dxe5 9. Nxe5 Nxe5 10. dxe5 Qxd1+ 11. Bxd1 e6 12. Nc3 Bb4 13. a3 Bc5 14. Nb5 Ke7 15. b4 Bxf2+ 16. Kxf2 Nd5 17. Bf3 Bd7 18. Bxd5 exd5 19. Nc7 Rad8 20. Nxd5+ Ke6 21. Ne3 Kxe5 22. Bb2+ Ke6 23. Bxg7 Rhg8 24. Bb2 Bc6 25. Rad1 Rc8 26. Rc1 f5 27. Rhg1 Rcd8 28. Bc3 Rd3 29. g3 f4 30. Nc4 Rf3+ 31. Ke1 fxg3 32. hxg3 Rgxg3 33. Rxg3 Rxg3 34. Na5 Bd5 35. Kd2 b6 36. Re1+ Kd7 37. Bd4 bxa5 38. Bxa7 Rxa3 39. Bc5 a4 40. Re7+ Kc6 41. Rxh7 Rb3 42. Rh6+ Kb5 43. Rb6+ Kc4 44. Bd6 a3 45. Be5 Be4 46. Bh8 Rb2+ 47. Bxb2 axb2 48. Rb8 b1Q 49. Rc8+ Kb3 50. Ke3 Qd3+ 0-1

[Event "Alcorcon Diagonal op 1st"]
[Site "Alcorcon"]
[Date "2022.01.15"]
[Round "1"]
[White "Rios Gil, Sergio"]
[Black "Lozano Freras, Sergio"]
[Result "0-1"]
[WhiteElo "1461"]
[BlackElo "1975"]
[PlyCount "58"]
[EventDate "2022.01.15"]
[EventType "swiss"]
[EventRounds "7"]
[EventCountry "ESP"]
[SourceTitle "EXT 2023"]
[Source "ChessBase"]
[SourceDate "2022.10.05"]
[SourceVersion "1"]
[SourceVersionDate "2022.10.05"]
[SourceQuality "1"]

1. e4 d6 2. d4 Nf6 3. Nc3 e5 4. Nf3 Nbd7 5. Bc4 Be7 6. a4 0-0 7. 0-0 h6 8. Be3 Ng4 9. Bd2 exd4 10. Nxd4 Nde5 11. Ba2 c6 12. f4 Qb6 13. Bc1 Ng6 14. h3 Nf6 15. Kh1 Qa5 16. Nf5 Bxf5 17. exf5 Qxf5 18. Qd3 Qxd3 19. cxd3 Rfe8 20. g3 d5 21. f5 Ne5 22. Bb1 Bd6 23. b3 Ned7 24. Kg2 Be5 25. Bb2 Bd4 26. Ra2 Be5 27. g4 Bd6 28. d4 Re3 29. Nd1 Rg3+ 0-1

[Event "Mostoles op 10th"]
[Site "Mostoles"]
[Date "2019.07.20"]
[Round "3"]
[White "Contreras Donoso, Juan Francisco"]
[Black "Rios Gil, Sergio"]
[Result "1-0"]
[WhiteElo "1766"]
[BlackElo "1575"]
[PlyCount "97"]
[EventDate "2019.07.18"]
[EventType "swiss"]
[EventRounds "9"]
[EventCountry "ESP"]
[SourceTitle "EXT 2020"]
[Source "ChessBase"]
[SourceDate "2019.10.17"]
[SourceVersion "1"]
[SourceVersionDate "2019.10.17"]
[SourceQuality "1"]

1. e4 e5 2. Nf3 Nc6 3. Bb5 a6 4. Ba4 d6 5. 0-0 Nf6 6. d3 b5 7. Bb3 Be6 8. Bxe6 fxe6 9. Ng5 Qd7 10. f4 Be7 11. c3 h6 12. Nf3 0-0 13. fxe5 dxe5 14. Qe2 Rad8 15. Ne1 a5 16. Be3 b4 17. Nd2 Nb8 18. Nc4 Qb5 19. Kh1 Nbd7 20. Nf3 Bc5 21. a4 bxa3 22. Nxa3 Bxa3 23. Rxa3 Nxe4 24. c4 Qb7 25. dxe4 Qxe4 26. Rxa5 Rf5 27. Rd1 Rf6 28. Rxe5 Nxe5 29. Rxd8+ Rf8 30. Rxf8+ Kxf8 31. Nxe5 Qxe5 32. Qf2+ Kg8 33. h3 Qe4 34. c5 c6 35. Bd4 e5 36. Bc3 Qd5 37. Qg3 Qxc5 38. Qxe5 Qf8 39. Kh2 Qf7 40. Qg3 c5 41. h4 c4 42. Qg4 Kh8 43. h5 Kg8 44. Kh3 Kh8 45. Kg3 Qc7+ 46. Qf4 Qxf4+ 47. Kxf4 Kg8 48. Kf5 Kf7 49. g3 1-0